| 000 | 00925nam a2200301 a 4500 | ||
|---|---|---|---|
| 001 | 000114271 | ||
| 003 | CHAP | ||
| 005 | 20220329144433.0 | ||
| 008 | 171204s2014 mx a |r| |||1|||spa d | ||
| 010 | _a110732 | ||
| 011 | _a111704 | ||
| 020 | _a9786077919513 | ||
| 040 | _cCHAP | ||
| 082 | 0 | 4 |
_a342.0290972 _bR11 2014 |
| 245 | 0 | 0 |
_aRaíces historicas del constitucionalismo en México / _ccompilación realizada por Luis Mendoza Cruz. |
| 250 | _a2 ed. | ||
| 260 |
_aMéxico : _bCámara de Diputados. LXII Legislatura, _c2014. |
||
| 300 |
_a180 p. : _bil. |
||
| 590 |
_aE11695DGD _b10 _c20171205 _lUCH01 _h1150 |
||
| 590 |
_aE6337LMJ _b05 _c20171204 _lUCH01 _h1127 |
||
| 590 |
_aE6337LMJ _b05 _c20171204 _lUCH01 _h1330 |
||
| 590 |
_aE6337LMJ _b05 _c20171204 _lUCH01 _h1337 |
||
| 650 | 1 | 4 |
_aMéxico _xHistoria constitucional. _976773 |
| 700 | 1 |
_aMendoza Cruz, Luis _9134206 |
|
| 901 | _aBK | ||
| 942 | _cLIBRO | ||
| 942 | _n0 | ||
| 999 |
_c110732 _d110732 |
||